LEADER 01235cam0-22004211i-450- 001 990006827600403321 005 20110316114911.0 010 $a88-7860-111-X 035 $a000682760 035 $aFED01000682760 035 $a(Aleph)000682760FED01 035 $a000682760 100 $a20010426d1994----km-y0itay50------ba 101 0 $aita 102 $aIT 105 $ay-------001yy 200 1 $a<>immigrazione silenziosa$ele comunità cinesi in Italia$fGiovanna Campani ... [et al.]$ga cura di Giovanna Campani, Francesco Carchedi e Alberto Tassinari 210 $aTorino$cFondazione Agnelli$d1994 215 $aX, 235 p.$d22 cm 225 1 $aQuaderni della Fondazione 610 0 $aCinesi$aEmigrazione 610 0 $aImmigrati cinesi$aItalia 610 0 $aPresenza cinese 676 $a304.845051 676 $a15620 676 $a040.003 702 1$aCampani,$bGiovanna 702 1$aCarchedi,$bFrancesco 702 1$aTassinari,$bAlberto 801 0$aIT$bUNINA$gRICA$2UNIMARC 901 $aBK 912 $a990006827600403321 952 $a15620 CAM$b15593$fSES 952 $a040.003.CAM$b1718$fDECGE 959 $aSES 959 $aDECGE 996 $aImmigrazione silenziosa$9626078 997 $aUNINA LEADER 00759nam0-2200253 --450 001 9910889867903321 005 20241028151402.0 010 $a9780814215081 100 $a20241028d2022----kmuy0itay5050 ba 101 0 $aeng 102 $aUS 105 $a 001yy 200 1 $a<>new anatomy of storyworlds$ewhat is, what if, as if$fMarie-Laure Ryan 210 $aColumbus$cThe Ohio State University Press$d2022 225 1 $aTheory and interpretation of narrative 676 $a809.3923$v21 700 1$aRyan,$bMarie-Laure$0610111 801 0$aIT$bUNINA$gREICAT$2UNIMARC 901 $aBK 912 $a9910889867903321 952 $a808.3 RYAM 01$b2024/11589$fFLFBC 959 $aFLFBC 996 $aNew anatomy of storyworlds$94211599 997 $aUNINA LEADER 04316nam 22005295 450 001 9910366638103321 005 20200703114842.0 010 $a3-319-72877-6 024 7 $a10.1007/978-3-319-72877-3 035 $a(CKB)4100000009076313 035 $a(MiAaPQ)EBC5880014 035 $a(DE-He213)978-3-319-72877-3 035 $a(PPN)260302694 035 $a(EXLCZ)994100000009076313 100 $a20190822d2020 u| 0 101 0 $aeng 135 $aurcnu|||||||| 181 $ctxt$2rdacontent 182 $cc$2rdamedia 183 $acr$2rdacarrier 200 10$aStructural-Chemical Systematics of Minerals /$fby Alexander A. Godovikov, Svetlana N. Nenasheva 205 $a3rd ed. 2020. 210 1$aCham :$cSpringer International Publishing :$cImprint: Springer,$d2020. 215 $a1 online resource (xii, 313 pages) 311 $a3-319-72876-8 320 $aIncludes bibliographical references and index. 327 $aIntroduction -- Minerals with metallic and metallic-covalent bonds -- Minerals with metallic-covalent and ionic-covalent bond -- Minerals with principal ionic-covalent and covalent-ionic bond -- Minerals with principal covalent-ionic and ionic bond -- Carbon, its compounds (without carbonates) and related substances -- References. 330 $aThis book represents new structural-chemical minerals of A.A. Godovikov which reflects the latest data on communication of the chemical composition with structure and properties of minerals, conditions of their formation, their paragenesis. The following features lay its basis: a) the numerous, often not considered earlier chemical signs on which chemical properties of minerals, conditions of their formation or paragenesis may depend; b) the determined consistent patterns of communication between chemical compounds structure and fundamental properties of the elements forming them; c) regularities of structure change and properties of minerals depending on physical and chemical parameters of formation or environment systems. This systemati? considers real associations, differences in physical and chemical parameters at which minerals are forming and existing. In this systematic sometimes the preference is given to the last signs because all natural associations aren't casual in an arrangement of minerals, so they formed as a result of difficult and longtime selection. The properties of minerals are coordinated with their structure, formation conditions. The transition conditions from one taxon to another both at one level and at its deepenings are accurately formulated. The primary type of a chemical bond was accepted as leading sign of five highest taxons. The lowest taxons were allocated on: a) the mineral belongings to izodesmichesky or anizodesmichesky connections; b) the type of anion, cation; c) the coordination number of an anionoobrazovatel; d) the size of CX; e) the type of the structure. The signs which are in the basis for systematization give the chance to find the place for new mineral types in the tables, to change the place of mineral in connection with specification of its formula or structure. They also allow to distinguish new taxons for the new mineral types representing chemical compounds, earlier not known in nature. Thus this systematic is not a stiffened representation but the developing system. 606 $aGeochemistry 606 $aMines and mineral resources 606 $aGeology, Economic 606 $aGeochemistry$3https://scigraph.springernature.com/ontologies/product-market-codes/G14003 606 $aMineral Resources$3https://scigraph.springernature.com/ontologies/product-market-codes/G38010 606 $aEconomic Geology$3https://scigraph.springernature.com/ontologies/product-market-codes/G17010 615 0$aGeochemistry. 615 0$aMines and mineral resources. 615 0$aGeology, Economic. 615 14$aGeochemistry. 615 24$aMineral Resources. 615 24$aEconomic Geology. 676 $a549 700 $aGodovikov$b Alexander A$4aut$4http://id.loc.gov/vocabulary/relators/aut$0859282 702 $aNenasheva$b Svetlana N$4aut$4http://id.loc.gov/vocabulary/relators/aut 906 $aBOOK 912 $a9910366638103321 996 $aStructural-Chemical Systematics of Minerals$91917805 997 $aUNINA